| 000 | 00686nam a22002057a 4500 | ||
|---|---|---|---|
| 005 | 20240605162441.0 | ||
| 008 | 240605b ||||| |||| 00| 0 eng d | ||
| 020 | _a9789628349418 | ||
| 040 | _aBSOP | ||
| 050 |
_aBT94 _bL73 |
||
| 100 | _a林來慰著 Lin, Laiwei | ||
| 245 |
_a神國面面觀 : 拆解成分, 抽取靈訓 = Shen guo mian mian guan : chai jie cheng fen, chou qu ling xun {ch} / _c林來慰著 Laiwei Lin. |
||
| 250 | _a2nd ed. | ||
| 260 |
_a香港 : _b中國信徒佈道會, _c2018. |
||
| 300 |
_ax, 211p. ; _c23cm. |
||
| 504 | _aIncludes bibliographical references. | ||
| 546 | _aChinese | ||
| 650 | _aKingdom of God—Biblical teaching {ch}. | ||
| 942 |
_2lcc _cBK |
||
| 999 |
_c52932 _d52932 |
||